| 000 | 00861nam a2200253Ia 4500 | ||
|---|---|---|---|
| 003 | OSt | ||
| 005 | 20220923215353.0 | ||
| 006 | a|||||r|||| 00| 0 | ||
| 007 | ta | ||
| 008 | 220922b |||||||| |||| 00| 0 hin d | ||
| 024 | _a178,143 | ||
| 037 | _cTextual | ||
| 040 |
_aARTS _cARTS _bhin |
||
| 041 |
_2hin _ahin |
||
| 082 | _aO152,1,1I13,1, L3 | ||
| 100 |
_aविष्णु दास _9156278 |
||
| 245 | 0 |
_aमहाभारत _b पांडव चरित |
|
| 246 | _ahinābhārata: pāanḍav charita: 1435 ī0 mean virachit hinākāvya | ||
| 260 |
_aग्वालियर _b विद््या मन्दिर _c1973 |
||
| 300 |
_a199 पृ. _ccm. |
||
| 650 |
_aहिन्दी साहित्य _9156264 |
||
| 942 |
_hO152,1,1I13,1, L3 _cTEXL _2CC |
||
| 999 |
_c331525 _d331525 |
||